A Trust With Nature: (Record no. 201649)

MARC details
000 -LEADER
fixed length control field 00612nam a22001937a 4500
005 - DATE AND TIME OF LATEST TRANSACTION
control field 20240320144459.0
010 ## - LCCN (DPL NO)
LC control number ENG-139792
020 ## - INTERNATIONAL STANDARD BOOK NUMBER
International Standard Book Number 9789354424557
Terms of availability 820.00
035 ## - SYSTEM CONTROL NUMBER
System control number EN-123324
037 ## - SOURCE OF ACQUISITION
Source of stock number/acquisition DBAD/PUB
082 ## - DEWEY DECIMAL CLASSIFICATION NUMBER
Classification number 331.201552
Edition number 1
100 ## - MAIN ENTRY--PERSONAL NAME
Personal name Savyasaachi
245 ## - TITLE STATEMENT
Title A Trust With Nature:
Remainder of title Labour, Self and Language/
Statement of responsibility, etc By Savyasaachi
250 ## - EDITION STATEMENT
Edition statement 1
260 ## - PUBLICATION, DISTRIBUTION, ETC. (IMPRINT)
Place of publication, distribution, etc Hyderabad
Name of publisher, distributor, etc Orient Blackswan Private Ltd
Date of publication, distribution, etc 2023
270 ## - ADDRESS
Address 3-6-752, Himayatnagar
City Hyderabad
Postal code 500029
Electronic mail address info@orintblackswan.com
300 ## - PHYSICAL DESCRIPTION
Extent xx,203p.
Dimensions 22cm(pbk)
942 ## - ADDED ENTRY ELEMENTS (KOHA)
Source of classification or shelving scheme Dewey Decimal Classification
Classification part 331.201552
Item type English Books
Call number suffix SAV
Edition 1
Holdings
Withdrawn status Lost status Not for loan Collection code Home library Current library Date acquired Source of acquisition Cost, normal purchase price Full call number Barcode Copy number Cost, replacement price Koha item type
      Non-fiction Bawana Bawana 20/03/2024 DBAD 820.00 331.201552 SAV EN-123324 1 820.00 English Books

© Delhi Public Library
Hit Counter
free hit counter